000 00685nam a2200217 i 4500
001 39167
003 ES-MaACL
005 20230906155913.0
007 t|
008 030227s1864 sp ||||1| spa d
080 _a329.22(460)"18"
080 _a342.846(460)
100 1 _aCampuzano, Aquiles.
_934339
245 1 4 _aLos partidos políticos y los colegios electorales /
_cpor Aquiles Campuzano.
260 _aMadrid :
_b[s.n.],
_c1864 (
_fEstab. tip. de T. Fortanet)
300 _a30 p. ;
_c24 cm.
650 4 _aPartidos políticos-
_zEspaña-
_yS.XIX.
_9138923
650 4 _aColegios electorales-
_zEspaña.
_9176184
852 4 _aES-MaACL
_jT-67-F-14
852 4 _aES-MaACL
_jT-78-F-8
999 _c39167
_d39167